Fr. Conceicao Rodrigues College of Engineering

Utilities Reference - Netware -3.12 (Record no. 30178)

MARC details
000 -LEADER
fixed length control field 00282nam a2200121Ia 4500
100 ## - MAIN ENTRY--PERSONAL NAME
Personal name Novell
245 ## - TITLE STATEMENT
Title Utilities Reference - Netware -3.12
260 ## - PUBLICATION, DISTRIBUTION, ETC.
Name of publisher, distributor, etc. Novell
Place of publication, distribution, etc. U.S.A
Date of publication, distribution, etc. 1993
300 ## - PHYSICAL DESCRIPTION
Extent 468
546 ## - LANGUAGE NOTE
Language note ENGLISH
654 ## - SUBJECT ADDED ENTRY--FACETED TOPICAL TERMS
Focus term Utilities Reference - Netware -3.12
942 ## - ADDED ENTRY ELEMENTS (KOHA)
Koha item type BOOK
Holdings
Withdrawn status Lost status Damaged status Not for loan Collection Home library Current library Date acquired Source of acquisition Cost, normal purchase price Inventory number Total Checkouts Full call number Barcode Date last seen Cost, replacement price Price effective from Koha item type
        AFT Fr. Agnel's C.Rodrigues College of Engineering Fr. Agnel's C.Rodrigues College of Engineering 17/03/2023 KANGO ZUMBO XEROX 250.00 35658   AFT7048 17/03/2023 250.00   BOOK